BIBLIOTECA

SENCICO

Diccionario del archivero - bibliotecario : (Registro nro. 52)

Detalles MARC
000 -LEADER
fixed length control field 00906nam a2200229Ia 4500
003 - CONTROL NUMBER IDENTIFIER
control field OSt
005 - DATE AND TIME OF LATEST TRANSACTION
control field 20251020182424.0
008 - FIXED-LENGTH DATA ELEMENTS--GENERAL INFORMATION
fixed length control field 200515s9999 xx 000 0 und d
040 ## - CATALOGING SOURCE
Original cataloging agency PE SENCICO BE
Transcribing agency PE SENCICO BE
041 ## - LANGUAGE CODE
Language code of text/sound track or separate title spa
082 ## - DEWEY DECIMAL CLASSIFICATION NUMBER
Classification number R 025.003
Item number G26
100 1# - MAIN ENTRY--PERSONAL NAME
Personal name García Ejarque, Luis
9 (RLIN) 2241
Relator term autor
245 10 - TITLE STATEMENT
Title Diccionario del archivero - bibliotecario :
Remainder of title terminología de la elaboración, tratamiento y utilización de los materiales propios de los centros documentales /
Statement of responsibility, etc. Luis García Ejarque
250 ## - EDITION STATEMENT
Edition statement [1a ed.]
260 ## - PUBLICATION, DISTRIBUTION, ETC.
Place of publication, distribution, etc. Gijon [España] :
Name of publisher, distributor, etc. Trea ;
Date of publication, distribution, etc. 2000
300 ## - PHYSICAL DESCRIPTION
Extent 442 p. :
Dimensions 23 cm.
520 3# - SUMMARY, ETC.
Summary, etc. Comprende unos quince mil entradas entre principales y secundarias relativas todas ellas a la terminología propia del quehacer de ambos profesionales.
650 10 - SUBJECT ADDED ENTRY--TOPICAL TERM
Topical term or geographic name entry element Bibliotecología
9 (RLIN) 2217
650 20 - SUBJECT ADDED ENTRY--TOPICAL TERM
Topical term or geographic name entry element Archivística
9 (RLIN) 2230
650 20 - SUBJECT ADDED ENTRY--TOPICAL TERM
Topical term or geographic name entry element Diccionarios
9 (RLIN) 201
942 ## - ADDED ENTRY ELEMENTS (KOHA)
Koha item type Libros
Source of classification or shelving scheme Dewey Decimal Classification
Existencias
Fecha de la última vez que lo usaron Número de ingreso o de inventario Pago total Signatura topográfica completa Código de barras Precio efectivo desde Tipo de documento Estado perdido Sistema de clasificación Estado dañado No es para préstamo Retirado Ubicación permanente Ubicación actual Fecha de adquisición
15/05/2020 15581   R/025.003/G26 BibLima24060004 15/05/2020 Libros   Dewey Decimal Classification       Biblioteca Central Lima Biblioteca Central Lima 15/05/2020